Being human (Record no. 472378)
[ view plain ]
| 000 -LEADER | |
|---|---|
| fixed length control field | 00280nam a2200121Ia 4500 |
| 008 - FIXED-LENGTH DATA ELEMENTS--GENERAL INFORMATION | |
| fixed length control field | 250224s9999 xx 000 0 und d |
| 020 ## - INTERNATIONAL STANDARD BOOK NUMBER | |
| International Standard Book Number | 9781444128864 |
| 082 ## - DEWEY DECIMAL CLASSIFICATION NUMBER | |
| Classification number | 150.1RIC |
| 100 ## - MAIN ENTRY--PERSONAL NAME | |
| Personal name | Richard Gross |
| 245 #0 - TITLE STATEMENT | |
| Title | Being human |
| 942 ## - ADDED ENTRY ELEMENTS (KOHA) | |
| Koha item type | Books |
| Withdrawn status | Damaged status | Not for loan | Home library | Current library | Shelving location | Date acquired | Cost, normal purchase price | Total checkouts | Full call number | Barcode | Date last seen | Price effective from | Koha item type |
|---|---|---|---|---|---|---|---|---|---|---|---|---|---|
| Nakuru Library | Nakuru Library | 02/24/2025 | 3000.00 | 150.1RIC | KNLS634953 | 02/24/2025 | 02/24/2025 | Books |
